00825nam a2200217Ii 45000010005000000030009000050080041000140400033000550410008000880820018000961000031001142450066001452640091002113000012003023360026003143370028003403380027003689400050003959990017004459520145004628315CO-ViMGA241108s9999||||xx |||||||||||||| ||und|| aCO-ViMGAbspaerdacCO-ViMGA0 aunk04a986.101-A662l1 aRaúl Arango Ochoa95151810aLos pueblos indígenas de Coloombia población y territorio 1a[Lugar de publicación no identificado] : Departamento Nacional de planeación, 1989 avolumen atextbtxt2rdacontent aunmediatedbn2rdamedia avolumebnc2rdacarrier aidficha_siabuc: 8126. -- ficha_no_siabuc:8315 c54901d54901 001040708001aMEVIGERRbMEVIGERRcGENd2006-11-27hVol.1o986.101-A662lpECA8520r2024-11-26 10:41:49tEj.1w2024-11-26yBKz8126 | 11360